000
00238nam a2200097Ia 4500
001
955295
005
20250826215802.0
008
250824s9999 xx 000 0 und d
245
0
_a
GÖKYÜZÜNE NOT
_c
AHMET BATMAN
260
_b
DESTEK YAYINLARI
999
_c
955295
_d
955295